000 00621nam a2200205 a 4500
001 56074
003 BD-RjUL
005 20211209080341.0
008 161125s1990 enk b 001 0 eng
035 _a(BD-RjUL)56198
040 _aDLC
_cDLC
_dBD-RjUL
_beng
041 _aeng
082 0 0 _a823.91
_223
_bEDS 1990
100 1 _aEdwards, Sylvia
_9167003
245 1 0 _aSally Baxter, girl reporter, and the lost ballerina /
_cSylvia Edwards
260 _aLondon :
_b World Distributors (Manchester) Ltd.,
_c1990 ?
300 _avi, 461 p. ;
_c25 cm.
650 _aReporters and reporting
_vFiction
_9167004
942 _2ddc
_cBK
999 _c56074
_d56074